000 00313nam a22001217a 4500
003 SGT
082 _a320
_bJ15D
100 _aदयाल, नरसिंह
245 _aजैव साम्राजयवाद
260 _b संवाद प्रकाशन
_c2015
300 _a157
942 _2ddc
_cBK
999 _c31888
_d31888